000 01521 am a2200385 a 4500
005 20240219122857.0
008 100804s1995||||ag a f |||| 001 0 spa d
020 _a9500623102
041 _aspa
092 _c616.893
_l92
_sVID
100 1 _aVidal, Guillermo.
_eDir.
_9976
245 _aEnciclopedia Iberoamericana de Psiquiatría.
_bT.1 Micropedia /
_cGuillermo Vidal
250 _a1a ed.
260 _aBuenos Aires:
_bEditorial Médica Panamericana;
_c1995.
300 _a1-815 p.
500 _aVidal, G., Alarcón, R. D. y Lolas Stepke, F. (Dirs.). (1995). Enciclopedia Iberoamericana de Psiquiatría. T.1 Micropedia. (1a ed.). Buenos Aires : Editorial Médica Panamericana.
653 _aConceptos y definiciones. Biografías
653 _aCIE-10
653 _aDSM-IV
653 _aJuramento hipocrático (400 a.C)
653 _aDe los indios recientemente descubiertos (1539)
653 _aDeclaración de los Derechos Humanos del Hombre y del Ciudadano (1789)
653 _aBando del Fraile Aldao (1842)
653 _aCódigo de Nürember (1946)
653 _aDeclaración Universal de los Derechos Humanos (1948)
653 _aDeclaración de Helsinki (1964)
653 _aDeclaración de Tokyo - Helsinki II (1975)
653 _aDeclaración de Hawaii (1977)
653 _aDeclaración de Alma-Ata (1978)
653 _aDeclaración de Caracas (1990)
700 1 _aAlarcón, Renato D.
_eDir
_9977
700 1 _aLolas Stepke, Fernando.
_eDir.
_9978
930 _a1177
942 _2ddc
_cBK
999 _c535
_d535